Focus (Record no. 82810)

MARC details
000 -LEADER
fixed length control field 00953cab a22001935a 4500
001 - CONTROL NUMBER
control field L151509
008 - FIXED-LENGTH DATA ELEMENTS--GENERAL INFORMATION
fixed length control field 101111e20101106xxk 000 0 eng d
035 ## - SYSTEM CONTROL NUMBER
System control number (Sirsi) u151509
041 0# - LANGUAGE CODE
Language code of text/sound track or separate title eng
100 1# - MAIN ENTRY--PERSONAL NAME
Personal name Harris, David
245 00 - TITLE STATEMENT
Title Focus
Remainder of title West Midlands
260 ## - PUBLICATION, DISTRIBUTION, ETC.
Date of publication, distribution, etc. 2010
490 ## - SERIES STATEMENT
Series statement Estates Gazette
Volume/sequential designation (1044) 6 November 2010, 81-101(17)
520 ## - SUMMARY, ETC.
Summary, etc. JD Sports expansion plans in West Midlands region. Office, industrial and retail markets in Birmingham and the Black Country and M42 Corridor. Outlines plans for Local Enterprise Partnerships (LEP)s including a list of bids submitted as at November 2010 and investment opportunities in Birmingham. Profiles GBR Property and Sortford Developments. Concludes with take up , floorspace availability and rents in Birmingham and league table of Birmingham agents.
590 ## - LOCAL NOTE (RLIN)
Local note KA
651 #4 - SUBJECT ADDED ENTRY--GEOGRAPHIC NAME
Geographic name West Midlands
690 ## - LOCAL SUBJECT ADDED ENTRY--TOPICAL TERM (OCLC, RLIN)
Topical term or geographic name as entry element PROPERTY-COMMERCIAL PROPERTY-COMMERCIAL PROPERTY MARKET
942 ## - ADDED ENTRY ELEMENTS (KOHA)
Suppress in OPAC 0
Holdings
Withdrawn status Lost status Source of classification or shelving scheme Damaged status Not for loan Home library Current library Shelving location Date acquired Total Checkouts Full call number Barcode Date last seen Copy number Price effective from Koha item type
    Dewey Decimal Classification     London London Journal article 11/11/2010   L151509 151509-1001 06/08/2019 1 06/08/2019 Journal article
    Dewey Decimal Classification     Virtual Virtual Online 11/11/2010   ONLINE PUBLICATION 151509-2001 06/08/2019 1 06/08/2019 Journal article